Surface preparation and finishes for metals (Record no. 4233)

MARC details
000 -LEADER
fixed length control field 00676nam a2200205Ia 4500
003 - CONTROL NUMBER IDENTIFIER
control field IN-BaIIA
008 - FIXED-LENGTH DATA ELEMENTS--GENERAL INFORMATION
fixed length control field 211028s9999 xx 000 0 eng d
020 ## - INTERNATIONAL STANDARD BOOK NUMBER
International Standard Book Number 07-059557-7
040 ## - CATALOGING SOURCE
Transcribing agency IIA Library
080 ## - UNIVERSAL DECIMAL CLASSIFICATION NUMBER
Universal Decimal Classification number 621.795
Item number SUR
245 #0 - TITLE STATEMENT
Title Surface preparation and finishes for metals
Remainder of title a manual covering the planning,operations and economics associated with modern metal finishing
Statement of responsibility, etc. edited by James A. Murphy
260 ## - PUBLICATION, DISTRIBUTION, ETC.
Place of publication, distribution, etc. New York
Name of publisher, distributor, etc. McGraw-Hill
Date of publication, distribution, etc. 1971
300 ## - PHYSICAL DESCRIPTION
Extent xvi, 493p.
490 ## - SERIES STATEMENT
Series statement McGraw-Hill handbooks
650 ## - SUBJECT ADDED ENTRY--TOPICAL TERM
Topical term or geographic name entry element Metal finishing
9 (RLIN) 6835
650 ## - SUBJECT ADDED ENTRY--TOPICAL TERM
Topical term or geographic name entry element NASA thesaurus
650 ## - SUBJECT ADDED ENTRY--TOPICAL TERM
Topical term or geographic name entry element Surface finishing
9 (RLIN) 7444
700 ## - ADDED ENTRY--PERSONAL NAME
Personal name Murphy, James A., ed.
9 (RLIN) 7445
942 ## - ADDED ENTRY ELEMENTS (KOHA)
Koha item type Books
Holdings
Withdrawn status Lost status Damaged status Not for loan Home library Current library Shelving location Date acquired Cost, normal purchase price Total Checkouts Full call number Barcode Date last seen Cost, replacement price Price effective from Koha item type Purchase Price
        IIA Library-Bangalore IIA Library-Bangalore General Stacks 23/05/1973 152.20   621.795/ SUR 4723 05/11/2021 152.20 23/05/1973 Books Rs. 152.20

Powered by Koha